000 00248nam a2200097Ia 4500
001 819672
005 20250826171817.0
008 250824s9999 xx 000 0 und d
245 0 _aKEYİF BAŞLIYOR
_cLAUREN FRANK
260 _bÇOCUK GEZEGENİ YAYINLARI
999 _c819672
_d819672